000 00336nam a22001337a 4500
003 SGT
082 _a336.2
_bGUP
100 _aGUPTA KANIKA
245 _aASSESSEE'S PERCEPTION ON GST IMPLEMENTATION A STUDY OF RETAILERS VIEWPOINT
260 _aSGT UNIVERSITY
_bFCAM
_c2022
300 _a205
650 _aMANAGEMENT
942 _2ddc
_cTH
999 _c33245
_d33245